00746nam a2200205 a 450000100100000000500170001000800410002704000250006808200220009324501180011526000590023330000170029249000370030950000310034665000290037765000310040665000330043770000330047083000370050300002563620200930023932.0110218s1922 pr r 000 p spa d aDO-SdBNPbspacBNPHU aPR861.7295bA634c01aAntología completa de poetas portorriqueños :blos nuevos /ccompilación y prólogo de Carlos N. Carreras. aSan Juan, Puerto Rico :bPuerto Rico Ilustrado,c1922. av. ;c20 cm.1 aBiblioteca Puerto Rico Ilustrado aLa biblioteca posee el V.3 4aPoetas puertorriqueños 4aPoesía puertoprriqueña 4aLiteratura puertoprriqueña1 aCarreras, Carlos N.epról. 0aBiblioteca Puerto Rico Ilustrado